| 000 | 00580nam a2200193Ia 4500 | ||
|---|---|---|---|
| 005 | 20250507130248.0 | ||
| 008 | 008 250505s9999 xx 000 0 eng d | ||
| 037 | _aSeries Article | ||
| 040 |
_aEASL _beng _cEASL |
||
| 041 |
_aeng _2eng |
||
| 084 | _qEASL | ||
| 100 |
_aChan Shun-Hing _9669148 |
||
| 245 | 0 | _aChanging church and state relations in contemporary China:the case of mindong diocese,fujinan province | |
| 260 |
_aUK _bUK Cambridge Univesity Press UK _c2013 |
||
| 300 | _a982-1000 | ||
| 650 | _aChina | ||
| 942 | _cSRA | ||
| 999 |
_c1318633 _d1318633 |
||